| 000 | 00530cam a2200145 4500500 | ||
|---|---|---|---|
| 005 | 20260208002335.0 | ||
| 041 | _afre | ||
| 042 | _adc | ||
| 100 | 1 | 0 |
_aBousquet, Marie-Pierre _eauthor |
| 245 | 0 | 0 | _aH. C. Wolfart, ed., Papers of the Thirty-Third Algonquian Conference, Winnipeg, University of Manitoba, 2002, 432 p. |
| 260 | _c2005. | ||
| 500 | _a46 | ||
| 786 | 0 | _nL'Homme | 173 | 1 | 2005-01-01 | p. 199l-283l | 0439-4216 | |
| 856 | 4 | 1 | _uhttps://shs.cairn.info/revue-l-homme-2005-1-page-199l?lang=fr&redirect-ssocas=7080 |
| 999 |
_c1645924 _d1645924 |
||